000
00394nam a22001697a 4500
003
MPLRDC
005
20220104124539.0
008
210129b ||||| |||| 00| 0 eng d
082
_a
859.6 ETWX v.2
100
_a
不详
245
_a
神秘的药方
_c
260
_a
_b
泛亚有限公司
_c
1988
300
_b
平
490
_a
儿童文学丛书
650
_a
942
_c
BK
_o
859.6 ETWX v.2
999
_c
20211
_d
20201